000 01125pam a2200337 a 4500
001 3254
003 FISKH
005 20250305112617.0
008 910211s1994 nyua j 000 1 eng
010 _a 91002470
020 _a0060201908:
020 _a0060201916 (lib. bdg.)
040 _aDLC
_cDLC
_dDLC
_beng
042 _alcac
050 0 0 _aPZ7.D3643
_bDo 1994
082 0 0 _a[Fic]
_220
100 1 _aDeGross, Monalisa.
245 1 0 _aDonavan's word jar /
_cby Monalisa DeGross ; illustrations by Cheryl Hanna.
250 _aFirst Scholastic printing, January 2000
260 _aNew York :
_bScholastic,
_c1994
300 _a71 pages :
_billustrations ;
_c20 cm
505 _aQ
520 _aWhen the jar that Donavan keeps his word collection in fills up, he finds a special way to give his words away and get something wonderful in return.
521 8 _a670
_bLexile
521 8 _aQ
_bRaz-Plus
650 1 _aVocabulary
_xFiction.
650 1 _aAfrican Americans
_vFiction.
700 1 _aHanna, Cheryl,
_eillustrator
906 _a7
_bcbc
_corignew
_d1
_eocip
_f19
_gy-gencatlg
942 _2ddc
_cBK
_n0
999 _c3254
_d3254